| 000 | 00574nam a2200205Ia 4500 | ||
|---|---|---|---|
| 008 | 170918s9999 xx 000 0 und d | ||
| 020 | _a9781423139423 | ||
| 050 | _bP816pi 2011 | ||
| 100 | _aPonti, James | ||
| 245 | _aPirates of the Caribbean : | ||
| 245 | _bon stranger tides / | ||
| 245 | _cadapted by James Ponti; based on the screenplay by Ted Elliot and Terry Rossio. | ||
| 250 | _aFirst editon | ||
| 260 | _aNew York : | ||
| 260 | _bDisney Press, | ||
| 260 | _c2011 | ||
| 300 | _a111 pages : | ||
| 300 | _bsome colored illustrations ; | ||
| 300 | _c19cm. | ||
| 999 |
_c343958 _d343958 |
||